US States By GDP Per Capita - Statistics

General Stats
  • This quiz has been taken 82 times
  • The average score is 36 of 50
Answer Stats
$ (USD) # State % Correct
$117,332 N New York
100%
$110,561 M Massachusetts
98%
$104,916 C California
94%
$98,055 D Delaware
94%
$108,468 W Washington
94%
$100,235 C Connecticut
91%
$86,747 V Virginia
87%
$95,147 A Alaska
85%
$93,145 C Colorado
85%
$90,449 I Illinois
85%
$86,371 U Utah
83%
$90,335 W Wyoming
81%
$87,020 M Maryland
79%
$85,810 N New Hampshire
79%
$90,277 N New Jersey
79%
$95,882 N North Dakota
79%
$86,989 T Texas
79%
$85,518 N Nevada
72%
$81,895 S South Dakota
72%
$60,277 A Arkansas
70%
$76.004 I Indiana
70%
$64,118 K Kentucky
70%
$78,120 O Ohio
70%
$77,916 O Oregon
70%
$69,807 V Vermont
70%
$78,756 G Georgia
68%
$53,061 M Mississippi
68%
$78,555 P Pennsylvania
68%
$75,763 T Tennessee
68%
$60,783 W West Virginia
68%
$75,889 W Wisconsin
68%
$61,843 A Alabama
66%
$73,788 F Florida
66%
$79,634 I Iowa
66%
$64,719 O Oklahoma
66%
$79,513 K Kansas
64%
$71,642 L Louisiana
64%
$86,506 M Minnesota
64%
$75,818 N North Carolina
64%
$74,594 R Rhode Island
64%
$73,203 A Arizona
62%
$93,096 N Nebraska
62%
$63,711 S South Carolina
62%
$63,992 I Idaho
57%
$71,084 M Michigan
57%
$72,108 M Missouri
57%
$70,130 M Maine
51%
$66,846 N New Mexico
51%
$66,370 M Montana
47%
$80,665 D Hawaii
17%
No matching quizzes found
Score Distribution
Percent of People with Each Score
Percentile by Number Answered
Your Score History
You have not taken this quiz